Sistem politik negara Islam

Bibliographic Details
Main Author: Muhamed S.El-Awa
Format: Book
Published: Kuala Lumpur : DBP , 1991
Subjects:

MARC

LEADER 00000cam a2200000 7i4500
001 0000005028
002 000005419
005 20000330.0
020 |a 983621691X 
090 0 0 |a 297.6   |b MUH 
100 0 |a Muhamed S.El-Awa 
245 0 0 |a Sistem politik negara Islam   |c Muhamed S.El-Awa 
260 |a Kuala Lumpur :   |b DBP ,   |c 1991 
300 |a 157p. ;   |c 22cm. 
650 0 0 |a Islam and politics 
999 |a 025587   |b BUKU   |c PINJAMAN   |e PERPUSTAKAAN KOMUNITI PETALING JAYA